000 01481nam a2200445 i 4500
001 2222
003 KOSZ 005
005 20200417144040.0
008 040519s1976 pl a |000 0 pol
015 _aUWD 1976/10254
035 _a991023718429705066
035 _a(PL-WaBN)b16497302-48omnis_nlop
035 _ab16497302
035 _a(OCoLC)749620894
035 _a(PL)b0000001649730
035 _a(EXLNZ-48OMNIS_NETWORK)9910256945605606
040 _aWA N
_cWA N
_dKOSZ 005/AR
041 0 _apol
044 _apl
080 _a62
080 _a681.3.06
100 1 _aGoliński, Jan
_d(1930- )
_eAutor
245 1 0 _aAdaptacyjne systemy poszukiwania konstrukcji optymalnej /
_cJan Goliński.
260 _aWarszawa :
_bPaństwowe Wydawnictwo Naukowe,
_c1976.
300 _a158, [2] strony, [1] karta tablic :
_bilustracje ;
_c21 cm.
336 _aTekst
_btxt
_2rdacontent
337 _aBez urządzenia pośredniczącego
_bn
_2rdamedia
338 _aWolumin
_bnc
_2rdacarrier
380 _aKsiążki
388 _a1901-2000
388 _a1945-1989
504 _aBibliografia na stronach 157-[159].
650 7 _aKonstrukcje
_2DBN
650 7 _aProgramowanie (informatyka)
_2DBN
658 _aInżynieria i technika
710 _aPaństwowe Wydawnictwo Naukowe
_4pbl
856 _uhttp://koha.tu.koszalin.pl/cgi-bin/koha/opac-detail.pl?biblionumber=2222
_yKatalog online BPK
942 _2UKD
_cKS
999 _c2222
_d2222